El magisterio de la Iglesia: enchiridion symbolorum definitionum et declarationum de rebus fidei et morum

Uloženo v:
Podrobná bibliografie
Hlavní autoři: Denzinger, Enrique (Autor), Hünermann, Peter (Autor)
Médium: Kniha
Jazyk:španělština
latina
Vydáno: Barcelona Herder 2017
Vydání:2a. ed
Témata:
Tagy: Přidat tag
Žádné tagy, Buďte první, kdo vytvoří štítek k tomuto záznamu!

MARC

LEADER 00000cam a2200000 a 4500
001 UCC2531
003 CL-VaPUC
008 180309e20170000sp |||||||||||||||||spa|d
020 |a 9788425431210 
041 0 7 |a spa  |2 CL-VaPUC 
041 0 7 |a lat  |2 CL-VaPUC 
082 0 4 |a 262.7  |b DEN  |2 21 
100 |a Denzinger, Enrique  |e author  |9 500200 
700 |a Hünermann, Peter  |e author  |9 591778 
245 1 3 |a El magisterio de la Iglesia: enchiridion symbolorum definitionum et declarationum de rebus fidei et morum 
250 |a 2a. ed 
300 |a 1746 p 
942 |c BK 
945 |d 20180309 22:06:00  |a dcastane 
260 |a Barcelona  |b Herder  |c 2017 
650 7 |a CANONES  |2 CL-VaPUC  |9 463716 
650 0 |a Iglesia Católica  |9 256114 
583 |a last modification  |c 20180309 22:06:00  |k Rodrigo Vera 
999 |c 370610  |d 370608 
952 |0 0  |1 0  |3 erd  |4 0  |6 262_700000000000000_DEN_2017  |7 0  |8 F  |9 487155  |a BIBTEO  |b BIBTEO  |i 5453267  |l 26  |m 5  |o 262.7 DEN 2017  |p 5453267  |r 2025-05-09  |s 2025-05-09  |w 2019-11-24  |y BK_F  |z Catalogado en:20180309  |k ICR 
952 |0 0  |1 0  |3 erd  |4 0  |6 262_700000000000000_DEN_2017  |7 0  |8 F  |9 487156  |a BIBTEO  |b BIBTEO  |i 5453259  |l 17  |o 262.7 DEN 2017  |p 5453259  |r 2025-04-09  |s 2025-04-09  |w 2019-11-24  |y BK_F  |z Catalogado en:20180309  |k ICR